Potenciálne trhy rozvojových krajín pre slovenský vývoz
Analýza zahraničného obchodu krajín Latinskej Ameriky, Stredného východu a severnej Afriky a juhovýchodnej Ázie. Postavenie týchto krajín vo svetovom obchode, špecializačný profil a komoditná profilácia v dovoze, konkurencieschopnosť hlavných dodávateľských krajín a SR na trhu regiónu.
Guardado en:
| Autor principal: | |
|---|---|
| Otros Autores: | |
| Formato: | Capítulo de libro |
| Lenguaje: | eslovaco |
| Materias: | |
| Etiquetas: |
Sin Etiquetas, Sea el primero en etiquetar este registro!
|
MARC
| LEADER | 00000naa a2200000 4500 | ||
|---|---|---|---|
| 001 | r041702 | ||
| 005 | 20230929073400.9 | ||
| 041 | 0 | |a slo | |
| 044 | |a SK | ||
| 245 | 1 | 0 | |a Potenciálne trhy rozvojových krajín pre slovenský vývoz |c Obadi Saleh Obadi Mothana, Andrés T. Castillo Tuya |
| 520 | |a Analýza zahraničného obchodu krajín Latinskej Ameriky, Stredného východu a severnej Afriky a juhovýchodnej Ázie. Postavenie týchto krajín vo svetovom obchode, špecializačný profil a komoditná profilácia v dovoze, konkurencieschopnosť hlavných dodávateľských krajín a SR na trhu regiónu. | ||
| 610 | 2 | 0 | |a vývoz |
| 610 | 2 | 0 | |a Slovensko |
| 610 | 2 | 0 | |a krajiny rozvojové |
| 610 | 2 | 0 | |a obchod zahraničný |
| 610 | 2 | 0 | |a Latinská Amerika |
| 610 | 2 | 0 | |a Stredný východ |
| 610 | 2 | 0 | |a Afrika |
| 610 | 2 | 0 | |a Ázia |
| 610 | 2 | 0 | |a komodity |
| 610 | 2 | 0 | |a konkurencieschopnosť |
| 610 | 2 | 0 | |a obchod svetový |
| 100 | 1 | |a Obadi, Saleh Mothana | |
| 700 | 1 | |a Castillo Tuya, Andrés T. | |